| 000 | 00574nam a2200229Ia 4500 | ||
|---|---|---|---|
| 003 | OSt | ||
| 005 | 20221005052516.0 | ||
| 006 | a|||||r|||| 00| 0 | ||
| 007 | ta | ||
| 008 | 221004b |||||||| |||| 00| 0 fre d | ||
| 024 | _a11233 | ||
| 037 | _cTextual | ||
| 040 |
_aCRL _cCRL _bfre |
||
| 041 |
_2fre _afre |
||
| 082 | _aO122,2(S:5), J1 | ||
| 100 | _aHugo Victor | ||
| 245 | 0 | _aHernani | |
| 260 |
_aLondon _bD C Heath and Co _c1951 |
||
| 650 | _aENGLISH LITERATURE | ||
| 942 |
_hO122,2(S:5), J1 _cTEXL _2cc |
||
| 999 |
_c960519 _d960519 |
||